000 00878nam a2200277Ia 4500
003 OSt
005 20221006153727.0
006 a|||||r|||| 00| 0
007 ta
008 221006b |||||||| |||| 00| 0 eng d
020 _a9780939657612
_c
_19.25
024 _a33,158
037 _bGift, Japan Foundation
_cAnnuals, Advances
040 _aEASL
_cEASL
_beng
041 _2eng
_aeng
082 _aQv42, N3
100 _aOoms Emily Grosyos Au.
_9665162
245 0 _aWomen and millenarian protest in Meiji Japan
_b Deguchi Noo and Omotokyo
260 _aIthaca
_bEast Asia Program Conell University
_c1993
300 _axiv,146p.
_ccm.
490 _v JEL
650 _a JEL
650 _aWomen and gender in the new religoin
_9665163
942 _hQv42, N3
_cREF
_2CC
999 _c1101244
_d1101244